| 000 | 00464nam a2200193Ia 4500 | ||
|---|---|---|---|
| 003 | OSt | ||
| 005 | 20230119101811.0 | ||
| 008 | 210210b1886 xxu||||| |||| 00| 0 eng d | ||
| 040 | _cAL | ||
| 041 | _aeng | ||
| 082 | _a570/17 | ||
| 100 |
_aFERRIER (David) _969334 |
||
| 245 | _aFunctions of the brain | ||
| 260 |
_aLondon _bSmith Elder and Company _c1886 |
||
| 650 |
_abrain _969338 |
||
| 690 |
_aHuman Physiology _969339 |
||
| 906 | _a010209 | ||
| 942 |
_2ddc _cBK |
||
| 999 |
_c137977 _d137977 |
||